Wavelets through a looking glass : the world of the spectrum /
Guardado en:
| Autor Principal: | |
|---|---|
| Otros Autores: | |
| Formato: | Libro |
| Idioma: | English |
| Publicado: |
Boston :
Birkhäuser,
c2002.
|
| Series: | Applied and numerical harmonic analysis
|
| Materias: | |
| Etiquetas: |
Agregar Etiqueta
Sin Etiquetas, Sea el primero en etiquetar este registro!
|
| LEADER | 00903cam a22002414a 4500 | ||
|---|---|---|---|
| 001 | MAT.inmabb004018 | ||
| 008 | 020117s2002####maua#####b####001#0#eng## | ||
| 005 | 20120925122156.0 | ||
| 245 | 1 | 0 | |a Wavelets through a looking glass : |b the world of the spectrum / |c Ola Bratteli, Palle Jorgensen ; illustrations by Brian Treadway. |
| 260 | |a Boston : |b Birkhäuser, |c c2002. | ||
| 300 | |a xx, 398 p. : |b il. ; |c 26 cm. | ||
| 440 | 0 | |a Applied and numerical harmonic analysis | |
| 504 | |a Incluye referencias bibliográficas (p. [369]-385) e índice. | ||
| 510 | 4 | |a MR, |c 2003i:42001 | |
| 020 | |a 0817642803 | ||
| 100 | 1 | |a Bratteli, Ola. | |
| 700 | 1 | |a Jørgensen, Palle E. T., |d 1947- | |
| 650 | 0 | |a Wavelets (Mathematics) | |
| 650 | 0 | |a Spectral theory (Mathematics) | |
| 084 | |a 42-02 (42C40 43A65 81P68 94A12) |2 msc2000 | ||
| 010 | |a 2002018303 | ||
| 040 | |a DLC |c DLC |d C#P |d DLC | ||
| 859 | |h 42 |i B824 |p A-8421 |b BIB. MATEMATICA | ||
